Trí thông minh cảm xúc for dummies = Emotional intelligence for dummies
Nội dung sách tìm hiểu khía cạnh khoa học đằng sau trí thông minh cảm xúc. Tập luyện giúp bạn biến chuyển cảm xúc tiêu cực thành tích cực. Cách xoa dịu những tình huống căng thẳng, cải thiện hiệu suất công việc. Bốn bí quyết giúp duy trì m...
Đã lưu trong:
| 主要作者: | |
|---|---|
| 格式: | 图书 |
| 语言: | Undetermined |
| 出版: |
Hà Nội
Lao động
2018
|
| 主题: | |
| 标签: |
添加标签
没有标签, 成为第一个标记此记录!
|
| Thư viện lưu trữ: | Trung tâm Học liệu Trường Đại học Cần Thơ |
|---|
| LEADER | 01055nam a2200217Ia 4500 | ||
|---|---|---|---|
| 001 | CTU_230587 | ||
| 008 | 210402s9999 xx 000 0 und d | ||
| 020 | |c 150000 | ||
| 082 | |a 152.4 | ||
| 082 | |b S819 | ||
| 100 | |a Stein, Steven J. | ||
| 245 | 0 | |a Trí thông minh cảm xúc for dummies = | |
| 245 | 0 | |b Emotional intelligence for dummies | |
| 245 | 0 | |c Steven J. Stein ; Thảo Hạnh (dịch) | |
| 260 | |a Hà Nội | ||
| 260 | |b Lao động | ||
| 260 | |c 2018 | ||
| 520 | |a Nội dung sách tìm hiểu khía cạnh khoa học đằng sau trí thông minh cảm xúc. Tập luyện giúp bạn biến chuyển cảm xúc tiêu cực thành tích cực. Cách xoa dịu những tình huống căng thẳng, cải thiện hiệu suất công việc. Bốn bí quyết giúp duy trì một mối quan hệ bền vững... | ||
| 650 | |a Cảm xúc và nhận thức,Emotions and cognition | ||
| 910 | |b dqhieu | ||
| 980 | |a Trung tâm Học liệu Trường Đại học Cần Thơ | ||